000 00866cam a2200373 4500
008 090401t1991 xxu||||| |||| 00| 0 eng d
020 _a1856281337
035 _a(Sirsi) u13820
041 _aeng
050 _a336.22
245 _aComparative property tax systems.
260 _aAldershot
_bAvebury
_c1991
300 _ax,196p. ; 21cm.
350 _a32.5
650 _aAUSTRALIA
650 _aIRELAND
650 _aISLE OF MAN
650 _aJERSEY
650 _aMALAYSIA
650 _aNETHERLANDS
650 _aNEW ZEALAND
650 _aNIGERIA
650 _aNNZIMBABWE
650 _aNORTHERN IRELAND
650 _aPHILIPPINES
650 _aPORTUGAL
650 _aPROPERTY TAXATION
650 _aRATING
650 _aSINGAPORE
690 _aTAXATION
700 _aMcCluskey, James
_xEditor
942 _n0
948 _c04/03/1997
999 _c87141
_d87141